000 00808nam a2200265 a 4500
003 DO-SdBNP
005 20231024145554.0
007 ta
008 220921e2021 dr a|||jr6||| 000 h eng d
040 _aDO-SdBNP
_bspa
_cBNPHU
041 _heng
082 4 _222
_bD418f
245 1 0 _aFlaming junior. /
_cCarlos De Oleo; Diseñador gráfico, Omar Rosario
264 4 _aSanto Domingo :
_bXisten CJ,
_c2021
300 _a[32] páginas :
_bIlustraciones ;
_c26 cm.
336 _2rdacontent
_atexto
_btxt
337 _2rdamedia
_asin mediación
_bn
338 _2rdacarrier
_avolumen
_bnc
490 _aTense Teens;
_v1
590 _aInventariado 2022 / MF
650 4 _911307
_aTiras Cómicas, Historietas, etc.
_xRepública Dominicana
700 1 _aRosario, Omar
_982413
910 _aMFeliz
942 _2ddc
_cLF2
999 _c52444
_d52444